|
|
|
|
| LEADER |
00747nam a2200181Ia 4500 |
| 001 |
140105 |
| 008 |
170722s9999 xx 000 0 und d |
| 020 |
|
|
|a 812401373x
|
| 100 |
|
|
|a Vijayan, K. P.
|
| 245 |
|
|
|a Dalith samarangal ennale, ennu, nale /
|
| 260 |
|
|
|a Kottayam :
|b Current Books ,
|c 2004.
|
| 300 |
|
|
|a 184 p.
|
| 653 |
|
|
|a Dalit
|
| 923 |
|
|
|d 20041016
|n 716
|
| 942 |
|
|
|c GEN
|
| 999 |
|
|
|c 129971
|d 129971
|
| 952 |
|
|
|0 0
|1 0
|4 0
|6 Y_592744_2_000000000000000_32P4KRP41
|7 0
|8 LC1
|9 183610
|a LIB
|b LIB
|d 2013-03-25
|e CBS
|h LC1
|o Y5927:44.2 32P4(KR)P4;1
|p 255388
|r 2017-08-12
|w 2017-08-12
|y GEN
|
| 952 |
|
|
|0 0
|1 0
|4 0
|6 Y_592744_2_000000000000000_32P4KRP41
|7 0
|8 LC1
|9 183611
|a LIB
|b LIB
|d 2013-03-25
|e CBS
|h LC1
|l 1
|o Y5927:44.2 32P4(KR)P4;1
|p 255389
|r 2017-09-27
|s 2017-09-26
|w 2017-08-12
|y GEN
|